Loading...
| History - European | 0 | 6 | 1 | 2 | 55 | 58 | 98.33 | 1 | 1 | 14.28 | 19.83 |
| History - Other | 0 | 5 | 0 | 1 | 50 | 34 | 95.40 | 1 | 2 | 14.27 | 28.17 |
| Literature - British | 0 | 4 | 0 | 1 | 40 | 50 | 96.00 | 0 | 1 | 12.88 | 18.83 |
| History - World | 0 | 4 | 0 | 2 | 40 | 50 | 114.25 | 1 | 1 | 6.03 | 13.00 |
| History - American | 0 | 3 | 0 | 0 | 30 | 31 | 62.00 | 0 | 2 | 15.14 | 21.50 |
| Religion | 0 | 3 | 1 | 2 | 25 | 105 | 124.33 | 0 | 0 | 0.00 | 5.17 |
| Fine Arts - Other | 0 | 2 | 0 | 0 | 20 | 111 | 113.50 | 0 | 0 | 2.74 | 8.00 |
| Literature - American | 0 | 2 | 0 | 0 | 20 | 66 | 92.00 | 0 | 1 | 6.87 | 10.00 |
| Mythology | 0 | 2 | 0 | 0 | 20 | 89 | 95.50 | 0 | 0 | 5.92 | 9.00 |
| Popular Culture | 0 | 2 | 0 | 0 | 20 | 123 | 127.50 | 0 | 0 | 4.66 | 22.78 |
| Science - Chemistry | 0 | 1 | 0 | 0 | 10 | 118 | 118.00 | 0 | 0 | 0.33 | 4.00 |
| Social Science | 0 | 1 | 0 | 0 | 10 | 91 | 91.00 | 0 | 0 | 2.60 | 3.00 |
| Science - Other | 0 | 1 | 1 | 0 | 5 | 104 | 104.00 | 0 | 0 | 1.19 | 4.00 |
| Science - Physics | 0 | 1 | 2 | 0 | 0 | 90 | 90.00 | 0 | 0 | 2.86 | 6.00 |